EDUCATIONAL theory and practice across disciplines (projecting beyond the 21st century

Saved in:
Bibliographic Details
Format: Book
Language:English
Published: Faculty of Education 2015
Tags: Add Tag
No Tags, Be the first to tag this record!

MARC

LEADER 00000nam a22000007a 4500
008 201215b ||||| |||| 00| 0 eng d
020 |a ISBN: 978-978-946-490-6 
245 |a EDUCATIONAL theory and practice across disciplines  |b (projecting beyond the 21st century  |c  edited by Olawale A. Moronkola… [et al.].-  |g  xiii; 773p.; ill. 
260 |b Faculty of Education  |c  2015  |h Ibadan:  |i 687126   |l LA1633 .Ed8 
942 |a lcc  |c BK  |e Olagoke,M.A  |f 15/12/2020 
952 |0 0  |1 0  |2 lcc  |4 0  |6 LA1633 E D8  |7 0  |9 497  |a HOL  |b HOL  |d 2020-12-15  |l 0  |o LA1633 .Ed8  |p 2020-2225  |r 2020-12-15 00:00:00  |w 2020-12-15  |y BK 
999 |c 261  |d 261